Представление документа в формате MARC21

Поле Инд. ПП Название Значение
Тип записи a
Библиографический уровень m
001 Контрольный номер 746180e5-f118-46a0-9920-a4d25f6dfb80
005 Дата корректировки 20140703122154.8
008 Кодируемые данные 030818
020 c Цена, тираж б/ц
040 a Служба первич. каталог. НБ ТвГУ
041 a Код языка текста rus
080 a Индекс УДК 1(430)"17/18"(092)(043.3)
a Индекс УДК 929Шеллинг
084 a Индекс другой классификации/Индекс ББК Ю3(4ГЕМ)5-563я031
090 a Полочн. индекс Ю3(4ГЕМ)
x Авторский знак Ж91
100 1_ a Автор Журавская Анастасия Александровна
245 10 a Заглавие Проблема культуры в философии Ф. В. Й. Шеллинга
b Продолж. заглавия Автореф. дис. ... канд. филос. наук : 09.00.03
c Ответственность Твер. гос. с.-х. акад.
260 0_ a Место издания Тверь
b Издательство Тверской государственный университет
c Дата издания 2003
300 a Объем 27 с.
500 a Примечание На правах рукоп.
502 a Примечание о диссертации Дисс.(канд.) - Твер. гос ун-т, 2003
504 a Библиография Библиогр. в подстроч. примеч.
a Библиография Библиогр.: с.27..
583 a Действие Получение впервые 181 12.08.2003
650 a Основная рубрика Шеллинг, Фридрих Вильгельм Йозеф фон, о нем
650 a Основная рубрика Философия
x Основная подрубрика История
y Хронологическая подрубрика 18-19 вв.
z Географическая подрубрика Германия
650 a Основная рубрика Немецкая философия
650 a Основная рубрика Идеализм в философии
653 a Ключевые слова Авторефераты
a Ключевые слова Идеализм
a Ключевые слова История философии
a Ключевые слова Немецкая философия
a Ключевые слова Немецкий идеализм
a Ключевые слова Философия
a Ключевые слова Шеллинг
852 t Порядковый номер экземпляра 2
p Инвентарный номер б/н - 2 экз.
888 a Бесплатные
930 a Новая/Ретро авторефераты
a Новая/Ретро персоналии
952 p 181.2003 б/ц 2 б/н
c Вид литературы А/Р н
954 a Дата поступления на обработку 20030818
999 a Подразделение 2 ч.з.